| 000 | 01518cam a2200373 a 4500 | ||
|---|---|---|---|
| 001 | 12992651 | ||
| 003 | ARRUPE | ||
| 005 | 20160223091659.0 | ||
| 008 | 021105r20031969ilu b 001 0 eng | ||
| 010 | _a 2002042540 | ||
| 020 | _a0812695232 | ||
| 040 |
_aDLC _cDLC _dDLC |
||
| 041 | 1 |
_aeng _hger |
|
| 042 | _apcc | ||
| 050 | 0 | 0 |
_aBD163 _b.C313 2002 |
| 082 | 0 | 0 |
_a121 _221 |
| 100 | 1 |
_aCarnap, Rudolf, _d1891-1970. _922380 |
|
| 240 | 1 | 0 |
_aLogische Aufbau der Welt. _lEnglish |
| 245 | 1 | 4 |
_aThe logical structure of the world ; _band, Pseudoproblems in philosophy / _cRudolf Carnap ; translated by Rolf A. George. |
| 246 | 3 | _aLogical structure of the world ; and, Pseudoproblems in philosophy | |
| 260 |
_aChicago and La Salle, Ill. : _bOpen Court, _c2003. |
||
| 300 |
_axxvi, 364 p. ; _c24 cm. |
||
| 440 | 0 |
_aOpen Court classics _922381 |
|
| 500 | _aOriginally published: California : University of California Press, 1969. With minor corrections. | ||
| 504 | _aIncludes bibliographical references (p. [347]-355) and index. | ||
| 650 | 0 |
_aKnowledge, Theory of. _922382 |
|
| 650 | 0 |
_aLogical positivism. _95718 |
|
| 650 | 0 |
_aConstitution (Philosophy) _922383 |
|
| 700 | 1 | 2 |
_aCarnap, Rudolf, _d1891-1970. _tScheinprobleme in der Philosophie. _lEnglish. _922384 |
| 740 | 0 | 2 | _aPseudoproblems in philosophy. |
| 906 |
_a7 _bcbc _corignew _d1 _eocip _f20 _gy-gencatlg |
||
| 942 |
_2lcc _cMONOGRAPH |
||
| 999 |
_c124202 _d124202 |
||